000 00422nam a2200181Ia 4500
001 21351
005 20260306172912.0
008 260306t2017||||xx |||||||||||||| ||spa||
041 _aESP
082 _a344.528
_bP26
100 _aPariona Arana, Raúl
_eAUT
245 0 _aEl delito de colusión
260 _c2017
300 _a426 páginas :
_c25 cm.
650 _aGEN
654 _aCDE
942 _cLIB
_dJUS
_fJUS
_2ddc
_n
999 _c21351
_d21351